Ochrana hospodárskej súťaže v oblasti médií na Slovensku

Salvato in:
Dettagli Bibliografici
Autore principale: Lapšanský, Lukáš
Natura: Libro
Lingua:slovacco
Pubblicazione: Bratislava VEDA, vydavateľstvo Slovenskej akadémie vied 2014
Soggetti:
Tags: Aggiungi Tag
Nessun Tag, puoi essere il primo ad aggiungerne!!

MARC

LEADER 00000nam a2200000 4500
001 0193117
005 20221207093721.9
020 |a 978-80-224-1380-0 
041 0 |a slo 
044 |a SK 
245 1 0 |a Ochrana hospodárskej súťaže v oblasti médií na Slovensku  |c Lukáš Lapšanský 
264 1 |a Bratislava  |b VEDA, vydavateľstvo Slovenskej akadémie vied  |c 2014 
300 |a 203 s. 
610 2 0 |a súťaž hospodárska 
610 2 0 |a ochrana súťaže hospodárskej 
610 2 0 |a médiá 
610 2 0 |a trh 
610 2 0 |a dohody 
610 2 0 |a zmluvy 
610 2 0 |a právo protimonopolné 
610 2 0 |a Slovensko 
100 1 |a Lapšanský, Lukáš